Music Quiz

Random Music or Song Quiz

Broken Social Scene Songs Quiz Stats

 Plays Quiz not verified by Sporcle

Score 0/78 Timer 10:00
0 Plays Today
% Correct
Lover's Spit
85%
Lover's Spit
85%
Anthems for a Seventeen Year-Old Girl
80%
Cause = Time
77.5%
I'm Still Your Fag
77.5%
7/4 (Shoreline)
77.5%
Texico Bitches
77.5%
KC Accidental
72.5%
Almost Crimes
70%
World Sick
70%
Major Label Debut
67.5%
Major Label Debut
67.5%
Stars and Sons
65%
Looks Just Like the Sun
62.5%
Sentimental X's
62.5%
Shampoo Suicide
60%
Pitter Patter Goes My Heart
60%
Capture the Flag
57.5%
Feel Good Lost
55%
Fire Eye'd Boy
55%
Handjobs for the Holidays
55%
Superconnected
55%
All to All
55%
Art House Director
55%
Ibi Dreams of Pavement (A Better Day)
52.5%
Chase Scene
52.5%
Sweetest Kill
52.5%
Water in Hell
52.5%
Hotel
50%
It's All Gonna Break
50%
Me and My Hand
50%
Pacific Theme
47.5%
Late Nineties Bedroom Rock for the Missionaries
47.5%
Swimmers
47.5%
Bandwitch
47.5%
Meet Me in the Basement
47.5%
Forced to Love
45%
Ungrateful Little Father
45%
Highway Slipper Jam
42.5%
% Correct
Time = Cause
42.5%
Guilty Cubicles
40%
Windsurfing Nation
40%
Tremoloa Debut
40%
Cranley's Gonna Make It
37.5%
Our Faces Split the Coast in Half
37.5%
Finish Your Collapse and Stay for Breakfast
37.5%
I Slept With Bonhomme at the CBC
35%
Love and Mathematics
30%
Alive in 85
30%
Stomach Song
30%
Romance to the Grave
30%
Canada vs. America
30%
Passport Radio
27.5%
hHallmark
27.5%
Market Fresh
22.5%
Song for Dee
22.5%
Professor Sambo
22.5%
Prison Province
20%
Untitled
20%
Da Da Da Da
20%
Ambulance for the Ambience
20%
Shabba Lights
20%
Eling's Haus
20%
Turbo Mouse
20%
Mossbraker
17.5%
Last Place
17.5%
All My Friends
17.5%
New Instructions
17.5%
Weddings
15%
Her Disappearing Theme
15%
No Smiling Darkness/Snake Charmers Association
15%
Feel Good Lost Reprise
15%
Far Out
15%
Blues for Uncle Gibb
12.5%
Sudden Foot Loss
12.5%
Never Felt Alive
12.5%
Paperweight Room
12.5%
Baroque Social
10%

You're not logged in!

Compare scores with friends on all Sporcle quizzes.
OR
Log In

Show Comments

Extras

Top Quizzes Today


Score Distribution

Your Account Isn't Verified!

In order to create a playlist on Sporcle, you need to verify the email address you used during registration. Go to your Sporcle Settings to finish the process.

Report this User

Report this user for behavior that violates our Community Guidelines.

Details: